[Event "AUTO-INT-3953"]
[Site "http://www.queenalice.com/game.php?id=1866315"]
[Date "2025.11.28"]
[Round "1"]
[White "SGF"]
[Black "jpribeiro"]
[Result "1-0"]
[WhiteElo "1796"]
[BlackElo "1413"]

1. e4 c5 2. Qf3 Nc6 3. c3 Nf6 4. d3 Ne5 5. Qg3 d6 6. Be2 h6 7. h4 Bd7 8. b4 cxb4
9. cxb4 Rc8 10. Bd2 Nc6 11. a4 Nd4 12. Bd1 Nc2+ 13. Bxc2 Nh5 14. Qf3 Nf6 15. e5
dxe5 16. Qxb7 Rxc2 17. Qxa7 Qc8 18. Nf3 Rc7 19. Qe3 Ng4 20. Qe2 Bc6 21. b5 Bxf3
22. Qxf3 h5 23. b6 Rb7 24. a5 e6 25. a6 Rxb6 26. a7 1-0